GETS Theological Seminary Library

The cross and the spirit (Record no. 3025)

MARC details
000 -LEADER
fixed length control field 00480nam a2200169Ia 4500
008 - FIXED-LENGTH DATA ELEMENTS--GENERAL INFORMATION
fixed length control field 200812s9999 xx 000 0 und d
020 ## - INTERNATIONAL STANDARD BOOK NUMBER
International Standard Book Number 1606089501
020 ## - INTERNATIONAL STANDARD BOOK NUMBER
International Standard Book Number 9781606089507
041 ## - LANGUAGE CODE
Language code of text/sound track or separate title eng
050 ## - LIBRARY OF CONGRESS CALL NUMBER
Classification number BS2685.2
Item number .M926 2009
100 ## - MAIN ENTRY--PERSONAL NAME
Personal name Moule, Handley C. G.
245 ## - TITLE STATEMENT
Title The cross and the spirit
Remainder of title /
Statement of responsibility, etc. Handley C. G. Moule
260 ## - PUBLICATION, DISTRIBUTION, ETC.
Place of publication, distribution, etc. Eugene, Or. :
Name of publisher, distributor, etc. Wipf and Stock
Date of publication, distribution, etc. 2009
300 ## - PHYSICAL DESCRIPTION
Extent 59 p.
Other physical details ;
Dimensions 21 cm.
650 ## - SUBJECT ADDED ENTRY--TOPICAL TERM
Topical term or geographic name entry element Bible. Galatians Commentaries.
Holdings
Withdrawn status Lost status Damaged status Not for loan Home library Current library Shelving location Date acquired Total Checkouts Full call number Barcode Date last seen Price effective from Koha item type
        GETS Theological Seminary Library GETS Theological Seminary Library General Stacks 08/12/2020   BS2685.2 .M926 2009 00001906 08/12/2020 08/12/2020 English Books
OpacCredits

Contact the Librarian, GETS Library
Email: library@mygets.org









Implemented by GETS Library
(Powered by ETCA Professional Group)
GETS Theological Seminary
412 E. Rowland Street, CA 91723